| 000 | 01061nam a2200277 4500 | ||
|---|---|---|---|
| 001 | 174694 | ||
| 003 | ES-MaACL | ||
| 005 | 20230906215624.0 | ||
| 008 | 100519s1941 sp |||| | spa d | ||
| 080 | _a81:1 | ||
| 080 | _a801 Bühler, Karl | ||
| 100 | 1 |
_aCeñal, Ramón. _937424 |
|
| 245 | 1 | 3 |
_aLa teoría del lenguaje de Carlos Bühler _b: introducción a la moderna filosofía del lenguaje / _cRamón Ceñal Lorente. |
| 260 |
_aMadrid : _bCSIC, _c1941 ( _fBolaños y Aguilar) |
||
| 300 |
_aXX, 302 p. ; _c23 cm. |
||
| 490 | 1 |
_aSerie B ; _v1 |
|
| 500 | _aÍndice onomástico. | ||
| 504 | _aBibliografía: p. IX-XX. | ||
| 594 | _aPrecede al tít.: Consejo Superior de Investigaciones Científicas. Instituto Filosófico "Luis Vives" | ||
| 600 | 1 | 7 |
_aBühler, Karl- _xCrítica e interpretación. _9142891 |
| 650 | 7 |
_aLenguaje- _xFilosofía. _914344 |
|
| 710 | 2 |
_aInstituto de Filosofía "Luis Vives" _9169712 |
|
| 830 | 0 |
_aSerie B ; _v1 _9184453 |
|
| 852 |
_aES-MaACL _jC-57220 _z. - Dedicatoria autógrafa del autor |
||
| 999 |
_c174694 _d174694 |
||